{"text_format":"3","workbook":"xls","n_sheets":1,"sheets":["音响设备清单"],"read":"whole","date_system":"1900","formulas":"cached_only"}

{"sheet":"音响设备清单","index":0,"n_rows":44,"n_cols":12,"rows_kept":44,"merged":[[0,0,0,10]],"flags":["formulas_cached_only"]}
["www.pro001.com 18501635951 陈先生"]
["序号","设备名称","品牌","型号","设备主要投标技术参数","数量","单位","单价","小计","品牌注册地","备注"]
["A","演出设备清单"]
["A1","扩声系统"]
["A1.1","调音台及监听系统"]
[1,"数字调音台","Presonus","Studiolive 32.4.2AI","32路数字调音台，不少于4个编组输出、立体声输出，12个辅助(Aux)输出；不少于32个麦克风输入，须带独立48V幻象电源，不少于32个线路输入，具有数字音频回放输入选择开关；\n通道DSP处理功能(每通道不少于高通滤波、噪声门、压缩器、限制器和四段参数均衡器等功能模块)；\n内置不少于4个数字效果器；\n内置不少于12个数字31段图示均衡器；\n支持场景记忆、通道记忆(可拷贝、粘贴)，可存储不少于99个用户预置；\n带有数字音频录音接口，可连接电脑实现不少于32轨分轨录音和32轨分轨回放，配置录音软件，支持MAC和Windows；\n带有网络接口和USB接口，支持USB无线网卡，可通过笔记本电脑、iPad平板电脑实现远程无线控制。",1,"台",{"v":38000,"d":"38,000.00"},{"v":38000,"d":"38,000.00"},"美国"]
[2,"监听耳机","Audio-Technica","M50X BK",null,1,"副",{"v":1250,"d":"1,250.00"},{"v":1250,"d":"1,250.00"},"日本"]
["A1.2","扬声器系统"]
[1,"超紧凑蜂窝式扬声器阵列（套装）","Martin-Audio","MLA MINI","2分频蜂窝式驱动阵列扬声器，由MSX微型超低频扬声器驱动；\n低频驱动器：2×6.5英寸/2英寸音圈，钕磁驱动器，反射负载；\n高频驱动器：3×1.4英寸/1.4英寸音圈，球顶钕磁压缩驱动器，恒指向波导装置；\n频率响应(±3dB)：76Hz - 18kHz；\n频率响应(-10dB)：63Hz-18kHz；\n覆盖角度(-6dB)：100° ×10°(H×V)；\n额定功率：低频300W、高频90W；\n最大声压级：低频130dB、高频129dB",1,"套",{"v":860000,"d":"860,000.00"},{"v":860000,"d":"860,000.00"},"英国","含16只全频扬声器、4只低音扬声器、功放","4组/每组4个全频+1个低音（含功放）"]
[2,"超紧凑蜂窝式扬声器阵列吊架","Martin-Audio","ASF20054",null,4,"套",{"v":28000,"d":"28,000.00"},{"v":112000,"d":"112,000.00"},"英国"]
[3,"低频扬声器","Electro-Voice","TX2181","低频驱动器：不小于2×18英寸\n频率响应(-10dB)：不劣于32Hz ~ 248Hz；\n额定功率：不小于1150W；\n最大声压级：不小于138dB\n",4,"只",{"v":20790,"d":"20,790.00"},{"v":83160,"d":"83,160.00"},"美国"]
[5,"左右声像扬声器","Electro-Voice","TX1152","低频驱动器：15英寸；\n高频驱动器：1.25英寸；\n频率响应(-10dB)：40Hz ~ 20kHz；\n覆盖角度(-6dB)：60°(H) × 40°(V)或40°(H) × 60°(V)；\n额定功率：500W；\n灵敏度：100dB；\n最大声压级：133dB ；\n阻抗：8欧姆",2,"只",{"v":7680,"d":"7,680.00"},{"v":15360,"d":"15,360.00"},"美国"]
[4,"舞台流动返听扬声器","Electro-Voice","TX1122FM","低频驱动器：不小于12英寸；\n高频驱动器：不小于1.25英寸；\n频率响应(-10dB)：不劣于56Hz ~ 19.5kHz；\n覆盖角度(-6dB)：90°(H) × 50°(V)；\n额定功率：不小于475W；\n最大声压级：不小于131dB",4,"只",{"v":9900,"d":"9,900.00"},{"v":39600,"d":"39,600.00"},"美国"]
[6,"舞台固定返听扬声器","Electro-Voice","TX1152FM","低频驱动器：15英寸；\n高频驱动器：1.25英寸；\n频率响应(-10dB)：45Hz ~ 20kHz；\n覆盖角度(-6dB)：90°(H) × 50°(V)；\n额定功率：500W；\n灵敏度：100dB；\n最大声压级：133dB ；\n阻抗：8欧姆",2,"只",{"v":7860,"d":"7,860.00"},{"v":15720,"d":"15,720.00"},"美国"]
[7,"低频扬声器功放","YYAUDIO","PA4000","精确系列H类功率放大器\n输出功率：2x1500W@8欧姆；2x2100W@4欧姆，2x2800W@2欧姆；桥接：4200W@8欧姆，5600W@4欧姆；\n频率响应：20 Hz ~ 20kHz；\n总谐波失真：<0.05%；\n信噪比(A计权)：>100dB；\n保护功能：完善的保护设计，包括限幅、开/关机防冲击、直流保护、输出短路保护、过载保护及过热保护。\n输入灵敏度选择开关：0.775V、1.1 V、26dB，接地与浮地选择开关。\n三种工作模式： 立体声、并联单声道、桥接单声道；\n高度：3U",2,"台",{"v":8500,"d":"8,500.00"},{"v":17000,"d":"17,000.00"},"美国"]
[8,"声像扬声器功放","YYAUDIO","PA4000","精确系列H类功率放大器\n输出功率：2x1500W@8欧姆；2x2100W@4欧姆，2x2800W@2欧姆；桥接：4200W@8欧姆，5600W@4欧姆；\n频率响应：20 Hz ~ 20kHz；\n总谐波失真：<0.05%；\n信噪比(A计权)：>100dB；\n保护功能：完善的保护设计，包括限幅、开/关机防冲击、直流保护、输出短路保护、过载保护及过热保护。\n输入灵敏度选择开关：0.775V、1.1 V、26dB，接地与浮地选择开关。\n三种工作模式： 立体声、并联单声道、桥接单声道；\n高度：3U",1,"台",{"v":8500,"d":"8,500.00"},{"v":8500,"d":"8,500.00"},"美国"]
[9,"舞台流动返送扬声器功放","YYAUDIO","PA2400","H类放大技术;\n输入通道数: 2；\n输出通道数: 2；\n额定输出功率：不小于530W@8Ω；\n额定输出功率： 不小于870W@4Ω；\n额定输出功率： 不小于1200W@2Ω；\n输入灵敏度：+5.1dBu；\n放大增益：32dB；\n信噪比(A计权)：>109dB；\n输入阻抗(20Hz ~ 20kHz，平衡)：20kΩ；\n频率响应(±1dB，1kHz)：不劣于10.5Hz ~ 39kHz；\n总谐波失真：<0.03%",2,"台",{"v":7200,"d":"7,200.00"},{"v":14400,"d":"14,400.00"},"美国"]
[10,"舞台固定返送扬声器功放","YYAUDIO","PA2400","H类放大技术;\n输入通道数: 2；\n输出通道数: 2；\n额定输出功率：不小于530W@8Ω；\n额定输出功率： 不小于870W@4Ω；\n额定输出功率： 不小于1200W@2Ω；\n输入灵敏度：+5.1dBu；\n放大增益：32dB；\n信噪比(A计权)：>109dB；\n输入阻抗(20Hz ~ 20kHz，平衡)：20kΩ；\n频率响应(±1dB，1kHz)：不劣于10.5Hz ~ 39kHz；\n总谐波失真：<0.03%",1,"台",{"v":7200,"d":"7,200.00"},{"v":7200,"d":"7,200.00"},"美国"]
["A1.3","音频传输及处理系统"]
[1,"数字音频处理器","Electro-Voice","DC-ONE","2进6出数字信号处理器\n带有分频、均衡、延时、压缩及限幅的功能\n带AES/EBU 数字音频输入接口\nDSP:48 kHz采样 32-Bit 浮点处理\n频率响应：10 Hz-22 kHz (+/- 0.5 dB)\n动态范围：111 dB \n输入通道:9段PEQ+31段GEQ+Delay\n输出通道:Routing+5段",3,"台",{"v":7000,"d":"7,000.00"},{"v":21000,"d":"21,000.00"},"美国"]
[2,"数字效果器","T.C. electronic","M-ONE XL","机架式双引擎数字效果处理器，采用XL混响技术，具有6种路径连接模式，内置混响、合唱、颤音、移调、延时、动态等25种效果；内置200个厂家预置效果和100个用户预置效果；敲击节拍及MIDI节拍可确保控制混响时间、延时时间等，具有效果旁通功能 。\n输入输出接口：XLR模拟平衡接口、RCA S/PDIF数字音频接口(24 bit、采样率44.1、48kHz)、MIDI控制接口、外接踏板控制口。",1,"台",{"v":3200,"d":"3,200.00"},{"v":3200,"d":"3,200.00"},"丹麦"]
["A1.4","话筒及拾音系统"]
[1,"有线动圈话筒","BLUE","enCORE 100","话筒类型：动圈\n指向性：心形\n频率响应：50Hz ~ 15KHz\n灵敏度：1.5mV/Pa\n输出阻抗：250Ω \n最大声压级: 147dB SPL ",2,"支",{"v":660,"d":"660.00"},{"v":1320,"d":"1,320.00"},"美国"]
[2,"会议鹅颈话筒","Panoply","B200-1","电容鹅颈会议话筒，指向性: 心形;\n频率响应: 50 Hz -19 kHz;\n长度：480mm",2,"套",{"v":1250,"d":"1,250.00"},{"v":2500,"d":"2,500.00"},"中国","备用鹅颈话筒"]
[2,"U段无线手持话筒","Sennheiser","EW 345 G3","U段无线手持式话筒系统，包括手持式话筒发射机、话筒和机架式分集接收机。\n接收机技术参数：\n• 频率范围：516~865 MHz \n• 42 MHz的切换频宽，1680个可调谐的UHF频率带给你无干扰的接收\n• 增强的频率组系统，每组最多24个兼容频率\n• 有以太网接口。连网到电脑上的无线系统管理软件，可以为多通道系统带来全面的监控和专业的数据管理\n• 高品质的纯分集接收技术\n手持发射机技术参数：\n• 话筒具有显示组、通道和电池电量的背光式LCD显示屏，具备频率和功率锁定功能\n• 无线输出功率：10/30mW\n• 电池时间：>8小时\n话筒技术参数：\n• 话筒：超心型动圈型话筒；\n•灵敏度：1.6mV/Pa\n•声压级：154 dB(SPL) max.",4,"套",{"v":6500,"d":"6,500.00"},{"v":26000,"d":"26,000.00"},"德国"]
[3,"U段无线领夹话筒","Sennheiser","EW 322 G3","U段无线领夹式话筒系统，包括盒式话筒发射机和机架式分集接收机\n接收机技术参数：\n• 频率范围：516~865 MHz \n• 42 MHz的切换频宽，1680个可调谐的UHF频率带给你无干扰的接收\n• 增强的频率组系统，每组最多24个兼容频率\n• 有以太网接口。连网到电脑上的无线系统管理软件，可以为多通道系统带来全面的监控和专业的数据管理\n• 高品质的纯分集接收技术\n盒式发射机技术参数：\n• 话筒具有显示组、通道和电池电量的背光式LCD显示屏，具备频率和功率锁定功能\n• 无线输出功率：10/30mW\n• 电池时间：>8小时\n话筒技术参数：\n• 话筒：心型电容式话筒；\n频率响应：50Hz-18kHz；\n灵敏度：40mV/Pa；\n最大承受声压级：120dB",2,"套",{"v":6000,"d":"6,000.00"},{"v":12000,"d":"12,000.00"},"德国"]
[4,"无源定向天线","Sennheiser","A2003","无源定向天线，450-960MHz，+4dBi 增益，开启角度：±50度，阻抗：50欧姆",2,"支",{"v":2300,"d":"2,300.00"},{"v":4600,"d":"4,600.00"},"德国"]
[5,"天线放大器","Sennheiser","AB 3","天线放大器，+10 dB 增益，42 MHz带宽，需要分配器供电，适用于无线话筒系统",2,"只",{"v":1150,"d":"1,150.00"},{"v":2300,"d":"2,300.00"},"德国"]
[6,"有源天线分配器","Sennheiser","ASA 1","有源天线分配器，2 路 1分4，含8条BNC同轴电缆，工作频率：500-870MHz，衰减：0dB",2,"台",{"v":4450,"d":"4,450.00"},{"v":8900,"d":"8,900.00"},"德国"]
[7,"中央电源","Sennheiser","NT1-1-US","供电设备",2,"台",{"v":560,"d":"560.00"},{"v":1120,"d":"1,120.00"},"德国"]
["A1.5","音源设备"]
[1,"专业机架式CD播放机","Tascam","CD500","专业机架式CD机，采用吸入式光驱，支持单CD/MP3播放，支持开机播放、可编程播放，随机顺序播放，1U机架尺寸，带无线遥控器，RS232C控制接口",1,"台",{"v":6850,"d":"6,850.00"},{"v":6850,"d":"6,850.00"},"日本"]
[2,"蓝光DVD播放机","Pioneer","BDP-160","3D蓝光DVD播放机,内置WiFi，WiFi-Direct无线直通功能。DLNA v1.5 (DMP/DMR)。24-bit/192KHZ数模转换器，断点续播;\n输出端口:内置wifi，HDMI输出，同轴输出，模拟音频输出;\n输入端口:USB2.0 × 1（前置）LAN接口;\n读取光盘格式:Blu-ray Disc (BD-ROM/BD-RE/BD-R, 8cm BD-R/BD-RE),DVD (DVD-Video/DVD-R/DVD+R/DVD-RW/DVD+RW),Video CD,CD,SACD;\nUSB支持视频格式:DivX plus HD/mpg/mp4/ts/m2ts/m4v/avi/flv/mov/3gp/WMV/MKV\n",1,"台",{"v":1200,"d":"1,200.00"},{"v":1200,"d":"1,200.00"},"日本"]
["A5","线材及附件"]
[1,"高杆话筒支架","K&M","27195-300-55","人声话筒支架，折叠式支架腿，立杆二节，具有可延展的二节臂。支架高度：900mm~1600mm；臂长：425mm~725mm",6,"支",{"v":550,"d":"550.00"},{"v":3300,"d":"3,300.00"},"德国"]
[2,"舞台接口盒","定制","定制","Mic*4，HDMI*1，VGA*1",4,"只",{"v":1500,"d":"1,500.00"},{"v":6000,"d":"6,000.00"},"中国"]
[3,"墙装多媒体接口盒",null,null,"HDMI或VGA,电源口",2,"只",{"v":1500,"d":"1,500.00"},{"v":3000,"d":"3,000.00"},"中国"]
[4,"音频跳线盘","Switchcraft","MT-48FN","48孔专业音频跳线盘",2,"台",{"v":2750,"d":"2,750.00"},{"v":5500,"d":"5,500.00"},"美国"]
[5,"音频跳线",{"$nulls":3},30,"根",{"v":320,"d":"320.00"},{"v":9600,"d":"9,600.00"},"中国"]
[6,"标准机柜","图腾","19英寸","42U高度19英寸标准机柜、深度800mm（含滑轨、扎线支架、空面板、散热风扇、固定电源模块）",1,"套",{"v":2200,"d":"2,200.00"},{"v":2200,"d":"2,200.00"},"中国"]
[7,"防震音源机柜","HYC","19英寸","18U高度19英寸标准机柜（含滑轨、空板），话筒、音源设备及周边用",1,"套",{"v":1000,"d":"1,000.00"},{"v":1000,"d":"1,000.00"},"中国"]
[8,"安装附件及辅材","附件","定制",null,1,"批",{"v":20000,"d":"20,000.00"},{"v":20000,"d":"20,000.00"},"中国"]
["A5","合 计"]
[1,"小计",{"$nulls":6},{"v":1353780,"d":"1,353,780.00"}]